| 000 | 00597cam a22002053a 4500 | ||
|---|---|---|---|
| 001 | 44215 | ||
| 003 | PGUSA | ||
| 005 | 20140828084017.0 | ||
| 008 | 131118s2013||||xxu|||||s|||||000 | eng d | ||
| 040 |
_aPGUSA _beng |
||
| 042 | _adc | ||
| 100 | 1 |
_aBeard, Daniel Carter, _d1850-1941 |
|
| 245 | 1 | 4 |
_aThe Book of Camp-Lore and Woodcraft _h[electronic resource] / _cDaniel Carter Beard |
| 260 |
_bProject Gutenberg, _c2013 |
||
| 506 | _aPublic domain in the USA. | ||
| 516 | _aElectronic text | ||
| 830 | 0 |
_aProject Gutenberg _v44215 |
|
| 856 | 4 | 0 | _uhttp://www.gutenberg.org/ebooks/44215 |
| 942 | _cEB | ||
| 999 |
_c273466 _d273466 |
||